00361nam a2200145Ia 4500003000400000008004100004040001600045082001300061100001700074245003400091700001800125260004700143300000800190650001700198GCL140319s9999 xx 000 0 eng d aGCL / cGCL04a301bE A1 aEMBER, CAROL10aANTHROPOLOGY / cEMBER, CAROL1 aEMBER, MELVIN a[S.N] : bPRENTICE HALL OF INDIA ، c1995 a55804aANTHROPOLOGY